00680nam a2200205 a 450000100060000000300090000600800410001502000150005604000280007108200080009910000520010724500470015926000310020630000080023749000290024559001360027465000350041094200120044599900170045721343CO-ViMGA141112s2004 ck r 000 u spa d a8408059998 aCO-ViMGAbspacCO-ViMGA04aLEW1 aLewis, Clive Stapler; Gallart, Gemma Tr.93044710aLa silla de plata (las cronicas de Narnia) aBarcelona; Planeta, c2005 a298 aLas crónicas de Narnia aForma de adquisición : Compra fact. 0862 - - Precio : 33000 - - Proveedor : Temas y libros - - Fecha de adquisición : Mayo 200714aNOVELA INFANTIL INGLESA930448 2ddccBK c29963d29963